De noche vienes /
Enregistré dans:
| Auteur principal: | |
|---|---|
| Format: | Inconnue |
| Langue: | Spanish |
| Publié: |
México :
Grijalbo,
1979.
|
| Sujets: | |
| Tags: |
Ajouter un tag
Pas de tags, Soyez le premier à ajouter un tag!
|
MARC
| LEADER | 000000000a22000000004500 | ||
|---|---|---|---|
| 001 | 011419 | ||
| 020 | |a 9684191022 | ||
| 041 | 0 | |a spa | |
| 082 | 0 | 4 | |a M863.4 |b P797d |
| 100 | 1 | |a Poniatowska, Elena, |d 1933- | |
| 245 | 1 | 0 | |a De noche vienes / |c Elena Poniatowska. |
| 260 | 1 | |a México : |b Grijalbo, |c 1979. | |
| 300 | |a 231 páginas | ||
| 500 | |a Colección George Yúdice | ||
| 650 | 4 | |a LITERATURA MEXICANA | |
| 650 | 4 | |a CUENTOS | |
| 999 | |c 16711 |d 16711 | ||
| 942 | |c BK |h M863.4 P797d |2 z | ||



